000 00692nas a2200241 4500
001 BR9202188
003 BR-BrBNA
005 20231205092449.0
007 ta
008 230509b bl.|||p| |||| 00| 00por d
040 _aBR-BrBNA
_bpor
_cBiblioteca Nacional de Agricultura
041 _a(Pt)
072 _aF03
100 1 _aLuz, C.A.S. da
100 1 _aPeske, S.T.
245 1 _aSecagem de arroz em secador intermitente lento
650 _aSEMENTE
650 _aARROZ
650 _aSECAGEM ARTIFICIAL
773 0 _tRevista Brasileira de Sementes (Brazil)
_xISSN 0101-3122
_g(1988), v. 10(2) p. 103-114
_wBR9202188
909 _a202311
_bLúcia
_c55
_dLúcia Elande
942 _2AGRIS
_n0
_cANA
999 _c131895
_d131895